Спортивно-оздоровительный менеджмент как фактор развития экономики социальной сферы (Запись № 13676832)

Подробности
000 -МАРКЕР
контрольное поле 02127nam0a2200397 4500
001 - ИДЕНТИФИКАТОР ЗАПИСИ
контрольное поле RU\NLR\BIBL_A\022579352
005 - ИДЕНТИФИКАТОР ВЕРСИИ
контрольное поле 20260607090754.0
010 ## - МЕЖДУНАРОДНЫЙ СТАНДАРТНЫЙ НОМЕР КНИГИ (ISBN)
Номер (ISBN) 978-5-6046967-2-9
Тираж 30
021 ## - НОМЕР ГОСУДАРСТВЕННОЙ РЕГИСТРАЦИИ
Код страны Российская Федерация
Номер КН-П-25-028558
Номер Листа государственной регистраци КН-П-25-2829
035 ## - ДРУГИЕ СИСТЕМНЫЕ НОМЕРА
Идентификатор записи (NLR Aleph) 022579352
100 ## - ДАННЫЕ ОБЩЕЙ ОБРАБОТКИ
Данные общей обработки 20250703d2025 u y0rusy50 ca
101 0# - ЯЗЫК РЕСУРСА
Язык текста, звукозаписи и т.д. русский
102 ## - СТРАНА ПУБЛИКАЦИИ ИЛИ ПРОИЗВОДСТВА
Страна публикации Российская Федерация
105 ## - ПОЛЕ КОДИРОВАННЫХ ДАННЫХ: ТЕКСТОВЫЕ МАТЕРИАЛЫ, МОНОГРАФИЧЕСКИЕ
Кодированные данные о монографическом текстовом документе ca z 000zy
181 #0 - ПОЛЕ КОДИРОВАННЫХ ДАННЫХ: ВИД СОДЕРЖАНИЯ
Код вида содержания (ISBD) i3
Код характеристики содержания (ISBD) axxe
182 #0 - ПОЛЕ КОДИРОВАННЫХ ДАННЫХ: ТИП СРЕДСТВА
Код типа средства (ISBD) n - непосредственное
200 1# - ЗАГЛАВИЕ И СВЕДЕНИЯ ОБ ОТВЕТСТВЕННОСТИ
Основное заглавие Спортивно-оздоровительный менеджмент как фактор развития экономики социальной сферы
Сведения, относящиеся к заглавию монография
Первые сведения об ответственности Ю. Р. Лутфуллин, А. Н. Попов, И. А. Дильмухаметова
203 ## - ВИД СОДЕРЖАНИЯ И ТИП СРЕДСТВА
Вид содержания Текст
Дополнительные сведения об издании визуальный
Тип средства непосредственный
210 ## - ПУБЛИКАЦИЯ, РАСПРОСТРАНЕНИЕ И ДР.
Место издания, распространения и т.д. Уфа
Имя издателя, распространителя и т. д. БГПУ им. М. Акмуллы
-- Мир печати
Дата издания, распространения и т.д. 2025
215 ## - ФИЗИЧЕСКАЯ ХАРАКТЕРИСТИКА
Специфическое обозначение материала и объем 173 с.
Другие сведения о физической характеристике цв. портр., ил.
Размеры 21
300 ## - ОБЩИЕ ПРИМЕЧАНИЯ
Текст примечания На 3-й с. 1-й и 2-й авт.: Лутфуллин Ю. Р., д-р экон. наук, проф., Попов А. Н., д-р экон. наук, проф., мастер спорта СССР
320 ## - ПРИМЕЧАНИЯ О НАЛИЧИИ В ДОКУМЕНТЕ БИБЛИОГРАФИИ / УКАЗАТЕЛЯ
Текст примечания Библиогр.: с. 161-170
606 1# - НАИМЕНОВАНИЕ ТЕМЫ КАК ПРЕДМЕТ
Наименование темы Спортивно-оздоровительный туризм
Тематический подзаголовок Управление
Системный номер авторитетной/нормативной записи 2154519
Идентификатор авторитетной/нормативной записи RU\NLR\AUTH\661601894
606 1# - НАИМЕНОВАНИЕ ТЕМЫ КАК ПРЕДМЕТ
Наименование темы Туризм
Тематический подзаголовок Управление
-- Кадры
-- Подготовка
Системный номер авторитетной/нормативной записи 2300122
Идентификатор авторитетной/нормативной записи RU\NLR\AUTH\6601603717
606 ## - НАИМЕНОВАНИЕ ТЕМЫ КАК ПРЕДМЕТ
Наименование темы Экономисты
Тематический подзаголовок Подготовка
Идентификатор авторитетной/нормативной записи RU\NLR\AUTH\661276647
Системный номер авторитетной/нормативной записи 2112680
686 1# - ИНДЕКСЫ ДРУГИХ КЛАССИФИКАЦИЙ
Индекс Ч518.113.9спорт.-оздоров.4(0)к
686 1# - ИНДЕКСЫ ДРУГИХ КЛАССИФИКАЦИЙ
Индекс Ч489.53
686 1# - ИНДЕКСЫ ДРУГИХ КЛАССИФИКАЦИЙ
Индекс Ч489.31
700 #1 - ИМЯ ЛИЦА - ПЕРВИЧНАЯ ОТВЕТСТВЕННОСТЬ
Начальный элемент ввода Лутфуллин
Часть имени, кроме начального элемента ввода Ю. Р.
Расширение инициалов личного имени Юнир Рифович
701 #1 - ИМЯ ЛИЦА - АЛЬТЕРНАТИВНАЯ ОТВЕТСТВЕННОСТЬ
Начальный элемент ввода Попов
Часть имени, кроме начального элемента ввода А. Н.
Дополнения к именам, кроме дат д-р экон. наук, управлен. экономика
Даты 1948-
Расширение инициалов личного имени Александр Николаевич
Системный номер авторитетной/нормативной записи 2931
Идентификатор авторитетной/нормативной записи RU\NLR\AUTH\7719860
701 #1 - ИМЯ ЛИЦА - АЛЬТЕРНАТИВНАЯ ОТВЕТСТВЕННОСТЬ
Начальный элемент ввода Дильмухаметова
Часть имени, кроме начального элемента ввода И. А.
Расширение инициалов личного имени Ильмира Айратовна
942 ## - ДОПОЛНИТЕЛЬНЫЕ ЭЛЕМЕНТЫ ЗАПИСИ (АБИС)
Тип экземпляра АБИС Книга
980 ## - КОЛЛЕКЦИЯ
Название коллекции Национальная библиография

Нет доступных экземпляров.